000 00578nam a2200193Ia 4500
005 20250508164846.0
008 008 250505s9999 xx 000 0 eng d
037 _aDissertations
040 _aFEDL
_beng
_cFEDL
041 _aeng
_2eng
084 _a371, MAN/DI
_qFEDL
100 _aManchanda Shelly
_9779338
245 0 _aNotion of quality envisaged in ISO9001 certified schools: Teachers' perspective
260 _c2007
300 _a135p.
546 _aM. Ed. Dissertation (Delhi University)
942 _cDIS
_h371, MAN/DI
999 _c1391633
_d1391633